00974nam a2200229 a 4500003000200000005001700002008004100019050002800060100003300088245011100121260009300232300004300325504004000368650002500408650004000433650002500473650003700498650005000535942001400585999001700599952012800616020250421094941.0090806s19uu xx 00 eng d aPGS QA 11.2b.T258 2003 aTee, Lendyl Lloyd Barrientos aCauses of math anxiety to grade six students of SISC school year 2002-2003 /cLendyl Lloyd Barrientos Tee. aLas Piñas City, Philippines : bSouthville International School and Colleges, c2003. a47 pages : billustrations ;c28 cm.  aIncludes bibliographic references.  aMathematics anxiety. aLearning difficultiesvMathematics. aAnxiety in children. aStress in childrenvMathematics. aMathematicsvStudy and teaching (Elementary). 2lcccPASS c96927d96927 00102lcc40aLUXbLUXcPASSd2009-08-06eDONATIONl0oPGS QA 11.2 .T258 2003pP0926r2014-04-08 00:00:00w2014-04-08yPASS